01123nam a2200277 a 4500001001000000003000900010005001700019007001000036008003700046040002200083082002500105245005900130260003300189300002700222490002300249590002600272650004500298650003400343700003400377910003900411942001200450952012900462952011900591952012000710999001500830000008699DO-SdBNP20240725133242.0000008699090918s 20uu dr a 000 0 spa d aBPMSUbspacBPMSU 4a398.2098bF134a 22200aFábulas de América /c ilustraciones Werner Olmos  aSanto Domingo :bSusaeta,c  a252 p. :bil.;c22 cm.0 aBiblioteca Susaeta aInventariado, 2024/VM 4aFábulas latinoamericanas vColecciones 4a Escritores latinoamericanos 1 aOlmos, Wernereilustraciones  aVMateo V. Control de calidad BPMSU 2ddccBK 00102ddc40708CI-DaBPMETbBPMETd2015-02-04l0oBPMSU CDI 398.2098 F134a pBPMSU15041060r2015-02-04t w2015-02-04yBK 00102ddc40708CI-DaBPMETbBPMETd2015-02-04l0o398.21 F134pBPMSU15041061r2015-02-04tej.2w2015-02-04yBK 00102ddc40708CI-DaBPMETbBPMETd2015-02-04l0o398.21 F134pBPMSU15041062r2015-02-04tej. 3w2015-02-04yBK c7338d7338